| 000 | 00344nam a2200145Ia 4500 | ||
|---|---|---|---|
| 008 | 230312s9999||||xx |||||||||||||| ||und|| | ||
| 020 | _a0471215929 | ||
| 082 |
_a004.62 _bGOR-J |
||
| 100 | _aBurd;D;Stephen | ||
| 245 | 0 | _aSystem Architecture 7e | |
| 260 |
_bWiley _aUSA _c2002 |
||
| 300 | _a723 | ||
| 650 |
_aComputer _vNetworking |
||
| 942 | _cBK | ||
| 999 |
_c16896 _d16896 |
||